La civilisation francaise du XIX siècle

Αποθηκεύτηκε σε:
Λεπτομέρειες βιβλιογραφικής εγγραφής
Κύριος συγγραφέας: Leroy, Alfred (Συγγραφέας)
Μορφή: Βιβλίο
Γλώσσα:Γαλλικά
Έκδοση: Tournai Casterman 1963
Σειρά:Lumières de Histoire
Θέματα:
Ετικέτες: Προσθήκη ετικέτας
Δεν υπάρχουν, Καταχωρήστε ετικέτα πρώτοι!

MARC

LEADER 00000nam a2200000 a 4500
001 UCO0828
003 CL-VaPUC
008 000428e19630000BE |||||||||||||||||fre|d
082 0 4 |a 944.06  |b LER  |2 21 
100 |a Leroy, Alfred  |e author  |9 442379 
245 1 3 |a La civilisation francaise du XIX siècle 
300 |a 434 p 
942 |c BK 
945 |d 20000428 00:00:00  |a rherrera 
260 |a Tournai  |b Casterman  |c 1963 
600 0 |a Bonaparte, Napoleón   |9 317802 
650 7 |a HISTORIA DE FRANCIA SIGLO 19  |2 CL-VaPUC  |9 345418 
650 7 |a MONARQUIA FRANCESA  |2 CL-VaPUC  |9 434624 
651 0 |a Francia  |9 255157 
583 |a last modification  |c 20160829 12:37:45  |k Rodrigo Vera 
490 0 |a Lumières de Histoire 
999 |c 287474  |d 287472 
952 |0 0  |1 0  |4 0  |6 944_060000000000000_LER_1963  |7 0  |8 A  |9 334342  |a BIBHIS  |b BIBHIS  |d 2019-11-20  |i 1266772  |o 944.06 LER 1963  |p 1266772  |r 2025-01-20  |w 2019-11-20  |y BK  |k HIS 
952 |0 0  |1 0  |4 0  |6 944_060000000000000_LER_1963  |7 0  |8 A  |9 334343  |a BIBHIS  |b BIBHIS  |d 2019-11-20  |i 1266780  |o 944.06 LER 1963  |p 1266780  |r 2025-01-20  |w 2019-11-20  |y BK  |k HIS